Score 0/30 Timer 06:00
0 Plays Today
Quote (S)hakespeare or (B)atman % Correct
As flies to wanton boys are we to the gods—they kill us for their sport.???
74.2%
I will not become an executioner.???
72.4%
Weep I cannot. But my heart bleeds.???
71.6%
I will break and twist things within you. You can't conceive of the pain I can cause.???
71.4%
He is come to open the purple testament of bleeding war.???
70.9%
As a man, I'm flesh and blood. I can be ignored, I can be destroyed.???
70.8%
Sometimes it's only madness that makes us what we are.???
69.1%
That blood should sprinkle me to make me grow.???
68.7%
I am a feather for each wind that blows.???
68.6%
You'll hunt me. You'll condemn me, set the dogs on me.???
68%
We both stared into the abyss, but when it looked back at us, you blinked.???
66.8%
Then all you've waited for is a puppet. A soulless little doll.???
66.4%
...how many hours bring about the day, how many days will finish up the year, how many years a mortal man may live.???
66.4%
The weight of this sad time we must obey.???
65.8%
And as the sun, that had been too afraid to show its face in this city, started to turn the black into grey, I smiled.???
64.5%
Quote (S)hakespeare or (B)atman % Correct
They have tied me to a stake—I cannot fly. But, bear-like, I must fight the course.???
64.5%
...and darkness be the burier of the dead.???
58%
Your feast is nearly over. From this moment on, none of you are safe.???
57.6%
Welcome destruction, blood, and massacre. I see, as in a map, the end of all.???
57.4%
I can live no longer by thinking.???
56.4%
I will encounter darkness as a bride, and hug it in my arms.???
56.1%
I will grind your bones to dust. And with your blood and it I’ll make a paste.???
55.6%
Grief forgives what can never be forgiven.???
51.6%
Hell is empty, and all the devils are here.???
49.2%
Did I finally reach the limits of reason? And find the Devil waiting????
47.8%
We die every day...a thousand times an hour.???
47.3%
Vengeance is in my heart, death in my hand. Blood and revenge are hammering in my head.???
46.9%
I'm a man of thirty—of twenty again. The rain on my chest is a baptism. I'm born again.???
44.1%
You cannot stop me, not with wine or vows or the weight of age. You cannot stop me, but still you try.???
37%
Smoldering, I burn you—burning you, I flare, hot and bright and fierce and beautiful.???
32.3%

You're not logged in!

Compare scores with friends on all Sporcle quizzes.
OR
Log In

Sporcle TV

Today on Sporcle TV


Watch our educational content, quiz creation guides, and fun videos on Sporcle TV.

Show Comments

Extras

Top Quizzes Today


Score Distribution

Your Account Isn't Verified!

In order to create a playlist on Sporcle, you need to verify the email address you used during registration. Go to your Sporcle Settings to finish the process.

Report this User

Report this user for behavior that violates our Community Guidelines.

Details: